[Event "BCF-chT4b 0405 (4NCL)"]
[Site "Telford"]
[Date "2005.05.30"]
[Round "11.4"]
[White "Grossett, Duncan"]
[Black "Harbour, John"]
[Result "1-0"]
[WhiteElo "2005"]
[BlackElo "1935"]
[PlyCount "33"]
[EventDate "2004.11.06"]
[EventType "team"]
[EventRounds "11"]
[EventCountry "ENG"]
[SourceTitle "EXT 2006"]
[Source "ChessBase"]
[SourceDate "2005.11.24"]
[SourceVersion "1"]
[SourceVersionDate "2005.11.24"]
[SourceQuality "1"]
[WhiteTeam "Grendel's Mother"]
[BlackTeam "FCA Solutions II"]
[WhiteTeamCountry "ENG"]
[BlackTeamCountry "ENG"]

1. d4 e5 2. e4 exd4 3. Nf3 Nf6 4. Bc4 Bb4+ 5. c3 dxc3 6. 0-0 cxb2 7. Bxb2 0-0 8. e5 Ng4 9. Qd4 Nc6 10. Qxg4 d5 11. e6 f6 12. Bb5 Qd6 13. Bxc6 bxc6 14. Nd4 Re8 15. Nc3 Bxe6 16. Nxe6 Qxe6 17. Qxb4 1-0

[Event "BCF-chT4b 0405 (4NCL)"]
[Site "Telford"]
[Date "2005.04.17"]
[Round "8.5"]
[White "Borley, Martin"]
[Black "Harbour, John"]
[Result "0-1"]
[WhiteElo "1660"]
[BlackElo "1935"]
[PlyCount "86"]
[EventDate "2004.11.06"]
[EventType "team"]
[EventRounds "11"]
[EventCountry "ENG"]
[SourceTitle "EXT 2006"]
[Source "ChessBase"]
[SourceDate "2005.11.24"]
[SourceVersion "1"]
[SourceVersionDate "2005.11.24"]
[SourceQuality "1"]
[WhiteTeam "Halesowen"]
[BlackTeam "FCA Solutions II"]
[WhiteTeamCountry "ENG"]
[BlackTeamCountry "ENG"]

1. e4 d6 2. Nf3 Nf6 3. Nc3 g6 4. Bc4 Bg7 5. 0-0 0-0 6. d3 c5 7. Re1 Nc6 8. Nd5 Na5 9. Nxf6+ Bxf6 10. Bb3 Qc7 11. c3 c4 12. dxc4 Nxc4 13. Qe2 Na5 14. e5 dxe5 15. Nxe5 Nxb3 16. axb3 Be6 17. Ng4 Bg7 18. Bg5 b6 19. c4 Rfe8 20. h3 Qc5 21. Be3 Qb4 22. Ra3 h5 23. Ne5 Qd6 24. Nf3 Bf5 25. Rea1 Qc7 26. Nd4 Bd7 27. Qd2 Red8 28. Bf4 e5 29. Bg3 Qb7 30. Nb5 Bxb5 31. Qxd8+ Rxd8 32. Rxa7 Qc6 33. cxb5 Qxb5 34. Bh4 f6 35. Rc1 g5 36. Bg3 h4 37. Rcc7 Bf8 38. Rf7 hxg3 39. fxg3 Qc5+ 40. Kf1 Rd1+ 41. Ke2 Qc2+ 42. Kf3 Rf1+ 43. Kg4 Qe2# 0-1